名前に「野」がつく駅 - Statistics

General Stats
  • This quiz has been taken 105 times
  • The average score is 121 of 386
Answer Stats
Hint Answer % Correct
東北新幹線山手線 他 上野
95%
大阪環状線 | 阪神本線 野田
93%
わたらせ渓谷鉄道線 | 上田電鉄別所線 | 中央本線東京メトロ東西線 中野
90%
北陸新幹線信越本線 他 長野
88%
中央本線 | 京都市営地下鉄東西線 | 島原鉄道線 | 神鉄粟生線 小野
87%
常磐線 大野
82%
京王線京王高尾線 | 西鉄甘木線 北野
82%
根室本線富良野線 富良野
80%
西九州新幹線 嬉野温泉
78%
中央本線 東中野
78%
因美線 | 日暮里・舎人ライナー 高野
77%
両毛線東武佐野線 佐野
75%
東武野田線 野田市
73%
近鉄吉野線 | 鹿児島本線 吉野
72%
大湊線青い森鉄道線 野辺地
70%
中央本線 | 近江鉄道本線 | 長野電鉄長野線 日野
70%
京浜東北線 与野
68%
埼京線 南与野
67%
埼京線 与野本町
67%
中央本線飯田線 辰野
67%
山陽本線小野田線 小野田
67%
埼京線 北与野
65%
中央本線 茅野
63%
高崎線八高線 倉賀野
62%
和歌山線近鉄吉野線 吉野口
60%
東京メトロ丸ノ内線 新中野
60%
東京メトロ丸ノ内線都営大江戸線 中野坂上
60%
京葉線 新習志野
58%
小田急小田原線小田急江ノ島線 相模大野
58%
東北本線 | 片町線 野崎
57%
上越線 | 山万ユーカリが丘線 井野
57%
吾妻線 長野原草津口
57%
とさでん交通伊野線 | 土讃線 伊野
57%
京成松戸線 習志野
57%
東急田園都市線地下鉄ブルーライン あざみ野
57%
東京メトロ銀座線 上野広小路
57%
都営大江戸線 上野御徒町
57%
IRいしかわ鉄道線 | 北陸鉄道石川線 野々市
57%
しなの鉄道北しなの線 北長野
57%
富良野線 上富良野
55%
富良野線 中富良野
55%
東北本線 野木
55%
常磐線 | 福知山線 広野
55%
阪和線関西空港線 日根野
55%
土佐くろしお鉄道ごめん・なはり線 | 日豊本線 田野
55%
相鉄いずみ野線 いずみ野
55%
近鉄長野線南海高野線 河内長野
55%
南海本線南海空港線 泉佐野
55%
大阪メトロ千日前線 野田阪神
55%
中央本線 藤野
53%
中央本線 上野原
53%
越美北線 越前大野
53%
片町線おおさか東線 大阪メトロ今里筋線 鴫野
53%
宇野線 宇野
53%
東武佐野線 佐野市
53%
東京メトロ丸ノ内線 中野富士見町
53%
南海鋼索線 高野山
53%
京阪本線 野江
53%
飯山線しなの鉄道北しなの線 豊野
52%
呉線 矢野
52%
西武池袋線西武秩父線 吾野
52%
京都市営地下鉄東西線 | 明知鉄道線 東野
52%
武蔵野線 市川大野
50%
内房線 浜野
50%
東海道本線 野洲
50%
京成松戸線東葉高速線 北習志野
50%
東京メトロ丸ノ内線 中野新橋
50%
山口線 宮野
48%
東急田園都市線 つくし野
48%
横浜線 八王子みなみ野
47%
鶴見線 鶴見小野
47%
大阪メトロ谷町線 | 福島交通飯坂線 | 能勢電鉄妙見線 | 関西本線 平野
47%
小田急小田原線 秦野
47%
京阪交野線 交野市
47%
鶴見線 浅野
45%
京成本線 京成上野
45%
南武線 中野島
43%
鹿児島本線 大野城
43%
東武東上線 ふじみ野
43%
京成千原線 おゆみ野
43%
おおさか東線 JR野江
43%
函館本線 野幌
42%
磐越東線 小野新町
42%
島原鉄道線 | 東海道本線 愛野
42%
関西本線 伊賀上野
42%
西武池袋線 東吾野
42%
東急田園都市線 つきみ野
42%
東急大井町線 上野毛
42%
相鉄本線 さがみ野
42%
近鉄吉野線 吉野神宮
42%
小湊鉄道線いすみ鉄道線 上総中野
42%
長野電鉄長野線 信州中野
42%
大阪メトロ谷町線 野江内代
42%
京急久里浜線 YRP野比
42%
横浜線 淵野辺
40%
福知山線 相野
40%
西武秩父線 西吾野
40%
小田急多摩線 はるひ野
40%
南海高野線 北野田
40%
仙石線 宮城野原
38%
日光線 下野大沢
38%
小海線 野辺山
38%
山陽本線 瀬野
38%
甘木鉄道線 | 豊肥本線南阿蘇鉄道線 立野
38%
名鉄知多新線 野間
38%
伊賀鉄道線 上野市
38%
叡山電鉄鞍馬線 木野
38%
京福電鉄北野線 北野白梅町
38%
千歳線 恵み野
37%
千歳線 上野幌
37%
磐越西線 野沢
37%
常磐線 ひたち野うしく
37%
山陽本線 竜野
37%
和歌山線 高野口
37%
常磐線 | 福知山線 草野
35%
飯山線 戸狩野沢温泉
35%
陸羽西線 南野
33%
南武線 矢野口
33%
阪和線 東佐野
33%
播但線 | 牟岐線 新野
33%
播但線 生野
33%
西武新宿線 野方
33%
名鉄瀬戸線 水野
33%
都電荒川線日暮里・舎人ライナー 熊野前
33%
北陸鉄道石川線 野町
33%
北大阪急行電鉄線 箕面萱野
33%
大阪メトロ谷町線 | 阪堺電軌上町線 阿倍野
33%
大阪メトロ今里筋線 井高野
33%
仙石線 野蒜
32%
越後線 内野
32%
城端線 | 長良川鉄道線 福野
32%
東海道本線 野田新町
32%
紀勢本線 熊野市
32%
山陽本線 大野浦
32%
加古川線 滝野
32%
北九州モノレール | 日豊本線日田彦山線 城野
32%
阿武隈急行線 富野
32%
釜石線 遠野
30%
中央本線 原野
30%
山陽本線 安芸中野
30%
名鉄尾西線 玉野
30%
近鉄南大阪線 針中野
30%
京阪交野線 村野
30%
秩父鉄道線 野上
30%
大阪メトロ谷町線 駒川中野
30%
室蘭本線 萩野
28%
大湊線 北野辺地
28%
中央本線 日野春
28%
高山本線 久々野
28%
御殿場線 裾野
28%
山陽本線 中野東
28%
西武池袋線 練馬高野台
28%
京王線 武蔵野台
28%
名鉄常滑線 大野町
28%
名鉄知多新線 上野間
28%
近鉄名古屋線 米野
28%
秩父鉄道線 皆野
28%
北陸鉄道石川線 野々市工大前
28%
仙石線 石巻あゆみ野
27%
東北本線 西那須野
27%
烏山線 下野花岡
27%
飯田線 金野
27%
姫新線 本竜野
27%
山口線 津和野
27%
近鉄南大阪線 大阪阿部野橋
27%
南海高野線 高野下
27%
阪急神戸本線 | 阪神本線 春日野道
27%
吾妻線 小野上
25%
山陰本線 竹野
25%
加古川線 神野
25%
高徳線 板野
25%
東武伊勢崎線 五反野
25%
東武日光線 杉戸高野台
25%
名古屋市営地下鉄名港線 | 名鉄尾西線 日比野
25%
近鉄湯の山線 菰野
25%
横浜シーサイドライン 野島公園
25%
富山地方鉄道富山軌道線 西中野
25%
四日市あすなろう鉄道八王子線 西日野
25%
とさでん交通伊野線 伊野駅前
25%
石北本線 愛し野
23%
仙石線 陸前小野
23%
吾妻線 小野上温泉
23%
中央本線 野尻
23%
阪和線 上野芝
23%
山陽本線 | 指宿枕崎線 入野
23%
加古川線 小野町
23%
東武伊勢崎線 野州山辺
23%
京成本線 菅野
23%
三陸鉄道リアス線 田野畑
23%
関東鉄道常総線 ゆめみ野
23%
仙石線 中野栄
22%
山陰本線 下夜久野
22%
山陰本線 上夜久野
22%
阪急伊丹線 稲野
22%
養老鉄道線 池野
22%
松浦鉄道線 野中
22%
根室本線 野花南
20%
石北本線 端野
20%
東北本線 村崎野
20%
越後線 内野西が丘
20%
信越本線 さつき野
20%
七尾線 宇野気
20%
越美北線 北大野
20%
小浜線 粟野
20%
身延線 甲斐上野
20%
飯山線 森宮野原
20%
小野田線 南小野田
20%
近鉄生駒線 勢野北口
20%
三陸鉄道リアス線 野田玉川
20%
三陸鉄道リアス線 陸中野田
20%
愛知環状鉄道線 中水野
20%
名古屋市営地下鉄桜通線 野並
20%
智頭急行線 河野原円心
20%
函館本線 野田生
18%
田沢湖線 鶯野
18%
東北本線 久田野
18%
阪和線 津久野
18%
播但線 野里
18%
姫新線 林野
18%
小野田線 小野田港
18%
筑豊本線 勝野
18%
名鉄各務原線 三柿野
18%
近鉄湯の山線 中菰野
18%
近鉄山田線 明野
18%
近鉄京都線 富野荘
18%
仙台市営地下鉄東西線 宮城野通
18%
都電荒川線 滝野川一丁目
18%
あおなみ線 野跡
18%
福岡市営地下鉄七隈線 野芥
18%
根室本線 新吉野
17%
八戸線 小中野
17%
磐越西線 荻野
17%
播但線 仁豊野
17%
木次線 三井野原
17%
芸備線 野馳
17%
東武宇都宮線 野州大塚
17%
名鉄広見線 善師野
17%
京阪本線 牧野
17%
富士急行線 田野倉
17%
大阪モノレール本線 宇野辺
17%
八戸線 陸中中野
15%
田沢湖線 羽後長野
15%
北上線 相野々
15%
奥羽本線 笹木野
15%
小浜線 新平野
15%
加古川線 青野ヶ原
15%
予讃線 伊予平野
15%
牟岐線 桑野
15%
肥薩線 栗野
15%
東武宇都宮線 野州平川
15%
横浜市営地下鉄ブルーライン 吉野町
15%
近江鉄道本線 朝日野
15%
京都丹後鉄道宮豊線 与謝野
15%
京都丹後鉄道宮豊線 網野
15%
神鉄粟生線 広野ゴルフ場前
15%
飯田線 野田城
13%
山口線 青野山
13%
予土線 伊予宮野下
13%
土讃線 襟野々
13%
鹿児島本線 串木野
13%
吉都線 えびの飯野
13%
指宿枕崎線 五位野
13%
東武小泉線 本中野
13%
近鉄名古屋線 豊津上野
13%
近鉄大阪線 室生口大野
13%
秩父鉄道線 大野原
13%
いすみ鉄道線 新田野
13%
養老鉄道線 駒野
13%
愛知環状鉄道線 北野桝塚
13%
伊勢鉄道線 伊勢上野
13%
能勢電鉄妙見線 畦野
13%
井原鉄道線 湯野
13%
土佐くろしお鉄道中村線 土佐入野
13%
土佐くろしお鉄道ごめん・なはり線 赤野
13%
陸羽東線 上野目
12%
奥羽本線 刈和野
12%
奥羽本線 大張野
12%
水郡線 下野宮
12%
烏山線 鴻野山
12%
大糸線 頸城大野
12%
城端線 東野尻
12%
越美北線 越前田野
12%
飯山線 信濃浅野
12%
大糸線 細野
12%
飯田線 三河大野
12%
紀勢本線 三野瀬
12%
鹿児島本線 大野下
12%
青い森鉄道線 野内
12%
鹿島臨海鉄道線 荒野台
12%
秩父鉄道線 ひろせ野鳥の森
12%
秩父鉄道線 武州日野
12%
北九州モノレール 片野
12%
釜石線 小佐野
10%
水郡線 野上原
10%
越美北線 下唯野
10%
大糸線 北細野
10%
山陰本線 都野津
10%
津山線 野々口
10%
伯備線 木野山
10%
福塩線 備後矢野
10%
予讃線 高野川
10%
予土線 吉野生
10%
名鉄豊田線 米野木
10%
津軽鉄道線 芦野公園
10%
会津鉄道線 会津長野
10%
鹿島臨海鉄道線 鹿島大野
10%
ニューシャトル 吉野原
10%
しなの鉄道線 滋野
10%
京福電鉄北野線 宇多野
10%
北九州モノレール 香春口三萩野
10%
磐越西線 上野尻
8%
岩徳線 柱野
8%
土讃線 薊野
8%
土讃線 影野
8%
日豊本線 北永野田
8%
筑肥線 肥前長野
8%
秋田内陸縦貫鉄道線 大野台
8%
会津鉄道線 湯野上温泉
8%
上信電鉄線 佐野のわたし
8%
えちぜん鉄道勝山永平寺線 越前野中
8%
養老鉄道線 北池野
8%
愛知環状鉄道線 末野原
8%
三岐鉄道三岐線 西野尻
8%
とさでん交通伊野線 伊野商業前
8%
水郡線 野木沢
7%
山陰本線 長門粟野
7%
紀勢本線 紀伊佐野
7%
岩徳線 生野屋
7%
土讃線 斗賀野
7%
久大本線 筑後草野
7%
筑肥線 大川野
7%
長崎本線 吉野ヶ里公園
7%
富山地方鉄道富山軌道線 安野屋
7%
万葉線 志貴野中学校前
7%
長野電鉄長野線 中野松川
7%
長良川鉄道線 母野
7%
天竜浜名湖鉄道線 上野部
7%
肥薩おれんじ鉄道線 高尾野
7%
木次線 下久野
5%
日田彦山線 呼野
5%
久大本線 小野屋
5%
豊肥本線 波野
5%
秋田内陸縦貫鉄道線 岩野目
5%
北陸鉄道石川線 押野
5%
長良川鉄道線 加茂野
5%
明知鉄道線 野志
5%
養老鉄道線 下野代
5%
広島電鉄宇品線 鷹野橋
5%
錦川鉄道線 椋野
5%
肥薩おれんじ鉄道線 野田郷
5%
久大本線 野矢
3%
大井川鐵道大井川本線 田野口
3%
一畑電車北松江線 伊野灘
3%
筑豊電気鉄道線 遠賀野
3%
筑豊本線 筑前内野
2%
No matching quizzes found
Score Distribution
Percent of People with Each Score
Percentile by Number Answered
Your Score History
You have not taken this quiz